| 000 | 01236nam a22002177a 4500 | ||
|---|---|---|---|
| 999 |
_c9851 _d9851 |
||
| 003 | AR-CdUCM | ||
| 008 | 190328b ||||| |||| 00| 0 spa d | ||
| 040 |
_aMUNICIPALIDAD PROVINCIAL DEL CUSCO _cBIBLIOTECA MUNICIPAL DEL CUSCO |
||
| 082 |
_a374.11 / _bC29 / 1950 |
||
| 100 |
_aCarranza Cervantes, Javier _926342 |
||
| 245 |
_aGuia del maestro para el mejoramiento social de la comunidad por la escuela : _bresolución de todos los problemas sociales de acuerdo con el programa oficial de la secretaría de educación pública / |
||
| 260 |
_aMéxico : _bEdiciones Magisterio, _c1950. |
||
| 300 |
_a350 páginas ; _bilustraciones ; _c19 cm. |
||
| 505 | _aContenido : Problemas de la escuela y la comunidad -- Salud y salubridad -- Necesidad del medio -- Cria de animales domesticos -- Aves de corral -- Apicultura -- Sericultura -- Necesidades rurales -- Asuntos imporatantes -- Pequeñas industrias rurales -- Juegos organizados -- Eventos deportivos -- Bufete del campesino -- Fortalecimiento de la nacionalidad -- Los grandes forjadores de la patria. | ||
| 650 |
_aEducación _9460 |
||
| 650 |
_aSociedad _953 |
||
| 650 |
_aZonas rurales _926343 |
||
| 650 |
_aEscuela rural _93956 |
||
| 942 |
_2ddc _cLIBROS |
||
| 945 |
_apjha _d2019-05-13 |
||